| 000 | 00717nam a2200217Ia 4500 | ||
|---|---|---|---|
| 003 | IN-BaIIA | ||
| 008 | 211028s9999 xx 000 0 eng d | ||
| 020 | _a90-277-0905-X | ||
| 040 | _cIIA Library | ||
| 080 |
_a082.2:52 _bIAU-S80 |
||
| 245 | 4 |
_aThe HR diagram _bthe 100th anniversary of Henry Norris Russel _cedited by A. G. Davis Philip and Henry Norris Russell |
|
| 260 |
_aDordrecht _bD. Reidel Publishing _c1978 |
||
| 300 | _axxvi, 474p. | ||
| 650 | _aAstronomy and Astrophysics Thesaurus | ||
| 650 |
_aHenry Norris Russel _910532 |
||
| 650 |
_aHertzsprung Russell diagram _98247 |
||
| 650 |
_aSpectra _91735 |
||
| 700 |
_aHayes, D. S., ed. _910533 |
||
| 700 |
_aPhilip, Davis A. G., ed. _910534 |
||
| 942 | _cBK | ||
| 999 |
_c6076 _d6076 |
||